000 00293nam a22001337a 4500
008 190225b xxu||||| |||| 00| 0 eng d
020 _a9780131090415
041 _aeng
080 _a371
100 _a25
101 _aEDU
245 _aCollege Algebra Essentials
_cBlitzer
942 _2udc
_cBK
999 _c54224
_d54224